[Event "ABC-4 2025 Groep A"]
[Site "Utrecht"]
[Date "2025.03.15"]
[Round "4.1"]
[White "Van Arendonk, Polle"]
[Black "Leenen, Boyd"]
[Result "1-0"]
[WhiteFideId "8640720"]
[BlackFideId "8809306"]
[WhiteElo "1914"]
[BlackElo "2018"]

1. e4 {[%clk 00:55:18]} {[%emt 00:00:01]} e5 {[%clk 00:55:16]} {[%emt
00:00:04]} 2. Nf3 {[%clk 00:55:27]} {[%emt 00:00:02]} Nc6 {[%clk 00:55:21]}
{[%emt 00:00:05]} 3. Bb5 {[%clk 00:55:35]} {[%emt 00:00:02]} a6 {[%clk
00:55:25]} {[%emt 00:00:06]} 4. Ba4 {[%clk 00:55:43]} {[%emt 00:00:02]} Nf6
{[%clk 00:55:28]} {[%emt 00:00:06]} 5. O-O {[%clk 00:55:50]} {[%emt 00:00:03]}
Be7 {[%clk 00:55:34]} {[%emt 00:00:04]} 6. Re1 {[%clk 00:55:56]} {[%emt
00:00:04]} b5 {[%clk 00:55:41]} {[%emt 00:00:04]} 7. Bb3 {[%clk 00:56:04]}
{[%emt 00:00:02]} d6 {[%clk 00:55:45]} {[%emt 00:00:05]} 8. c3 {[%clk
00:56:11]} {[%emt 00:00:03]} Na5 {[%clk 00:55:48]} {[%emt 00:00:08]} 9. Bc2
{[%clk 00:56:03]} {[%emt 00:00:19]} c5 {[%clk 00:55:54]} {[%emt 00:00:04]} 10.
h3 {[%clk 00:55:31]} {[%emt 00:00:42]} O-O {[%clk 00:55:58]} {[%emt 00:00:06]}
11. d4 {[%clk 00:55:34]} {[%emt 00:00:07]} Nd7 {[%clk 00:56:01]} {[%emt
00:00:06]} 12. Nbd2 {[%clk 00:55:34]} {[%emt 00:00:10]} Qc7 {[%clk 00:55:21]}
{[%emt 00:00:50]} 13. Nf1 {[%clk 00:53:51]} {[%emt 00:01:53]} cxd4 {[%clk
00:54:03]} {[%emt 00:01:28]} 14. cxd4 {[%clk 00:54:00]} {[%emt 00:00:02]} Nb6
{[%clk 00:53:21]} {[%emt 00:00:52]} 15. b3 {[%clk 00:40:02]} {[%emt 00:14:09]}
Be6 {[%clk 00:52:08]} {[%emt 00:01:19]} 16. Bb2 {[%clk 00:38:16]} {[%emt
00:02:00]} Bf6 {[%clk 00:50:50]} {[%emt 00:01:26]} 17. Rc1 {[%clk 00:37:04]}
{[%emt 00:01:23]} Rac8 {[%clk 00:50:22]} {[%emt 00:00:37]} 18. Ne3 {[%clk
00:32:05]} {[%emt 00:05:09]} Qb8 {[%clk 00:48:28]} {[%emt 00:02:04]} 19. Qd2
{[%clk 00:31:25]} {[%emt 00:00:51]} Nb7 {[%clk 00:48:20]} {[%emt 00:00:17]} 20.
Bd3 {[%clk 00:29:54]} {[%emt 00:01:43]} g6 {[%clk 00:45:51]} {[%emt 00:02:38]}
21. Ng4 {[%clk 00:27:35]} {[%emt 00:02:29]} Bxg4 {[%clk 00:41:58]} {[%emt
00:04:03]} 22. hxg4 {[%clk 00:27:44]} Rfd8 {[%clk 00:40:45]} {[%emt 00:01:22]}
23. g3 {[%clk 00:24:41]} {[%emt 00:03:14]} Bg7 {[%clk 00:40:28]} {[%emt
00:00:27]} 24. Kg2 {[%clk 00:24:17]} {[%emt 00:00:35]} Nd7 {[%clk 00:39:23]}
{[%emt 00:01:13]} 25. b4 {[%clk 00:23:01]} {[%emt 00:01:27]} Rxc1 {[%clk
00:38:30]} {[%emt 00:01:03]} 26. Rxc1 {[%clk 00:22:36]} {[%emt 00:00:35]} Rc8
{[%clk 00:38:34]} {[%emt 00:00:06]} 27. Rh1 {[%clk 00:19:12]} {[%emt 00:03:34]}
Nb6 {[%clk 00:37:33]} {[%emt 00:01:10]} 28. Ng5 {[%clk 00:16:36]} {[%emt
00:02:47]} h6 {[%clk 00:37:19]} {[%emt 00:00:24]} 29. Nf3 {[%clk 00:16:28]}
{[%emt 00:00:19]} Nc4 {[%clk 00:37:04]} {[%emt 00:00:24]} 30. Bxc4 {[%clk
00:16:26]} {[%emt 00:00:12]} Rxc4 {[%clk 00:37:07]} {[%emt 00:00:07]} 31. dxe5
{[%clk 00:14:55]} {[%emt 00:01:41]} dxe5 {[%clk 00:36:51]} {[%emt 00:00:26]} 32.
Qd5 {[%clk 00:14:17]} {[%emt 00:00:48]} Qc8 {[%clk 00:22:59]} {[%emt 00:14:02]}
33. Nxe5 {[%clk 00:11:43]} {[%emt 00:02:44]} Rc7 {[%clk 00:23:02]} {[%emt
00:00:07]} 34. Rc1 {[%clk 00:07:56]} {[%emt 00:03:57]} Kh7 {[%clk 00:22:07]}
{[%emt 00:01:05]} 35. Qxf7 {[%clk 00:05:42]} {[%emt 00:02:24]} Rxc1 {[%clk
00:19:55]} {[%emt 00:02:22]} 36. Qxg6+ {[%clk 00:05:42]} {[%emt 00:00:11]} Kg8
{[%clk 00:20:01]} {[%emt 00:00:02]} 37. Qf7+ {[%clk 00:04:21]} {[%emt
00:01:32]} Kh7 {[%clk 00:20:04]} {[%emt 00:00:08]} 38. Bxc1 {[%clk 00:03:28]}
{[%emt 00:01:03]} Nd8 {[%clk 00:20:12]} 39. Qg6+ {[%clk 00:03:17]} {[%emt
00:00:21]} Kh8 {[%clk 00:20:16]} {[%emt 00:00:05]} 40. Qe8+ {[%clk 00:02:28]}
{[%emt 00:01:00]} Kh7 {[%clk 00:20:19]} {[%emt 00:00:07]} 41. Bf4 {[%clk
00:02:14]} {[%emt 00:00:24]} Qa8 {[%clk 00:20:17]} {[%emt 00:00:12]} 42. Qg6+
{[%clk 00:02:10]} {[%emt 00:00:14]} Kh8 {[%clk 00:20:16]} {[%emt 00:00:11]} 43.
f3 {[%clk 00:01:11]} {[%emt 00:01:10]} Qc8 {[%clk 00:20:23]} {[%emt 00:00:03]}
44. Bxh6 {[%clk 00:00:49]} {[%emt 00:00:31]} Bxe5 {[%clk 00:20:27]} {[%emt
00:00:06]} 45. Qe8+ {[%clk 00:00:48]} {[%emt 00:00:10]} Kh7 {[%clk 00:20:31]}
{[%emt 00:00:06]} 46. Qxe5 {[%clk 00:00:53]} {[%emt 00:00:06]} Kxh6 {[%clk
00:20:37]} {[%emt 00:00:05]} 47. g5+ {[%clk 00:00:57]} {[%emt 00:00:06]} Kh7
{[%clk 00:20:36]} {[%emt 00:00:10]} 48. Qe7+ {[%clk 00:00:59]} {[%emt
00:00:09]} Kg6 {[%clk 00:19:23]} {[%emt 00:01:22]} 49. Qf6+ {[%clk 00:01:03]}
{[%emt 00:00:06]} Kh7 {[%clk 00:19:29]} {[%emt 00:00:05]} 50. g6+ {[%clk
00:01:02]} {[%emt 00:00:10]} Kg8 {[%clk 00:19:36]} {[%emt 00:00:04]} 51. Qe7
{[%clk 00:00:52]} {[%emt 00:00:19]} Qc2+ {[%clk 00:19:27]} {[%emt 00:00:20]} 52.
Kh3 {[%clk 00:00:58]} {[%emt 00:00:04]} Qc8+ {[%clk 00:18:40]} {[%emt
00:00:56]} 53. Kh4 {[%clk 00:00:41]} {[%emt 00:00:27]} Qc3 {[%clk 00:18:34]}
{[%emt 00:00:17]} 54. Qxd8+ {[%clk 00:00:37]} {[%emt 00:00:14]} Kg7 {[%clk
00:18:39]} {[%emt 00:00:04]} 55. Qe8 {[%clk 00:00:29]} {[%emt 00:00:18]} Qf6+
{[%clk 00:17:58]} {[%emt 00:00:51]} 56. Kh3 {[%clk 00:00:38]} Kh6 {[%clk
00:16:14]} {[%emt 00:01:54]} 57. Qf7 {[%clk 00:00:47]} {[%emt 00:00:02]} Qc6
{[%clk 00:15:48]} {[%emt 00:00:35]} 58. Qh7+ {[%clk 00:00:51]} {[%emt
00:00:06]} Kg5 {[%clk 00:15:52]} {[%emt 00:00:06]} 59. f4+ {[%clk 00:00:59]}
{[%emt 00:00:02]} Kf6 {[%clk 00:15:50]} {[%emt 00:00:12]} 60. Qf7# {[%clk
00:00:58]} 1-0

[Event "ABC-4 2025 Groep A"]
[Site "Utrecht"]
[Date "2025.03.15"]
[Round "4.2"]
[White "Rogozyanskiy, Alexander"]
[Black "Van Hesselingen, Guido"]
[Result "1-0"]
[WhiteFideId "8973866"]
[BlackFideId "8795941"]
[WhiteElo "1959"]
[BlackElo "2173"]

1. e4 {[%clk 00:55:17]} {[%emt 00:00:01]} e5 {[%clk 00:55:14]} {[%emt
00:00:07]} 2. Nf3 {[%clk 00:55:24]} {[%emt 00:00:03]} Nc6 {[%clk 00:55:20]}
{[%emt 00:00:04]} 3. d4 {[%clk 00:55:20]} {[%emt 00:00:13]} exd4 {[%clk
00:55:24]} {[%emt 00:00:06]} 4. Nxd4 {[%clk 00:55:28]} {[%emt 00:00:03]} Bc5
{[%clk 00:55:23]} {[%emt 00:00:11]} 5. Nb3 {[%clk 00:55:34]} {[%emt 00:00:04]}
Bb6 {[%clk 00:55:21]} {[%emt 00:00:11]} 6. Nc3 {[%clk 00:55:25]} {[%emt
00:00:19]} Nge7 {[%clk 00:54:42]} {[%emt 00:00:49]} 7. Qe2 {[%clk 00:53:01]}
{[%emt 00:02:34]} O-O {[%clk 00:51:47]} {[%emt 00:03:06]} 8. Bg5 {[%clk
00:49:34]} {[%emt 00:03:37]} d6 {[%clk 00:44:37]} {[%emt 00:07:20]} 9. O-O-O
{[%clk 00:46:11]} {[%emt 00:03:33]} f6 {[%clk 00:40:25]} {[%emt 00:04:22]} 10.
Be3 {[%clk 00:39:48]} {[%emt 00:06:33]} f5 {[%clk 00:37:40]} {[%emt 00:02:56]}
11. g3 {[%clk 00:31:49]} {[%emt 00:08:09]} fxe4 {[%clk 00:31:41]} {[%emt
00:06:09]} 12. Nxe4 {[%clk 00:27:35]} {[%emt 00:04:24]} Nf5 {[%clk 00:27:27]}
{[%emt 00:04:23]} 13. Bxb6 {[%clk 00:25:42]} {[%emt 00:02:04]} axb6 {[%clk
00:27:32]} {[%emt 00:00:05]} 14. Nc3 {[%clk 00:25:42]} {[%emt 00:00:10]} Qf6
{[%clk 00:25:04]} {[%emt 00:02:36]} 15. Qd2 {[%clk 00:21:55]} {[%emt 00:03:58]}
Kh8 {[%emt 00:04:59]} 16. f4 {[%clk 00:18:26]} Be6 {[%clk 00:20:02]} {[%emt
00:04:02]} 17. Bg2 {[%clk 00:17:04]} {[%emt 00:01:32]} Qf7 {[%clk 00:15:21]}
{[%emt 00:04:52]} 18. Rhe1 {[%clk 00:14:15]} {[%emt 00:02:58]} b5 {[%clk
00:10:47]} {[%emt 00:04:44]} 19. Kb1 {[%clk 00:13:17]} {[%emt 00:01:08]} b4
{[%clk 00:10:30]} {[%emt 00:00:27]} 20. Nd5 {[%clk 00:10:39]} {[%emt 00:02:48]}
Ra4 {[%clk 00:05:27]} {[%emt 00:05:13]} 21. Qf2 {[%clk 00:10:28]} {[%emt
00:00:21]} Nh6 {[%clk 00:03:01]} {[%emt 00:02:36]} 22. h3 {[%clk 00:09:22]}
{[%emt 00:01:16]} Ng8 {[%clk 00:02:55]} {[%emt 00:00:17]} 23. Qe2 {[%clk
00:06:42]} {[%emt 00:02:50]} Re8 {[%clk 00:02:39]} {[%emt 00:00:26]} 24. g4
{[%clk 00:04:27]} {[%emt 00:02:25]} Nf6 {[%clk 00:02:17]} {[%emt 00:00:32]} 25.
Nxf6 {[%clk 00:04:05]} {[%emt 00:00:31]} gxf6 {[%clk 00:01:56]} {[%emt
00:00:33]} 26. Bd5 {[%clk 00:03:31]} {[%emt 00:00:43]} Bxd5 {[%clk 00:01:03]}
{[%emt 00:01:03]} 27. Qxe8+ {[%clk 00:03:39]} {[%emt 00:00:02]} Kg7 {[%clk
00:01:06]} {[%emt 00:00:06]} 28. g5 {[%clk 00:02:56]} {[%emt 00:00:53]} Qxe8
{[%clk 00:00:27]} {[%emt 00:00:49]} 29. Rxe8 {[%clk 00:03:05]} Bf7 {[%emt
00:00:15]} 30. Rc8 {[%clk 00:03:02]} fxg5 {[%clk 00:00:12]} {[%emt 00:00:34]}
31. fxg5 {[%clk 00:03:09]} {[%emt 00:00:02]} Kg6 {[%clk 00:00:21]} 32. Rxc7
{[%clk 00:03:14]} {[%emt 00:00:05]} Ne5 {[%clk 00:00:26]} {[%emt 00:00:06]} 33.
Rxd6+ {[%clk 00:02:57]} {[%emt 00:00:26]} Kxg5 {[%clk 00:00:30]} {[%emt
00:00:03]} 34. Rc5 {[%clk 00:03:14]} Kf5 {[%emt 00:00:42]} 35. Rd1 {[%emt
00:00:56]} Kf6 {[%clk 00:00:24]} {[%emt 00:00:03]} 36. Rf1+ {[%clk 00:02:34]}
{[%emt 00:00:02]} Ke6 {[%emt 00:00:05]} 37. Re1 {[%clk 00:02:42]} {[%emt
00:00:03]} 1-0

[Event "ABC-4 2025 Groep A"]
[Site "Utrecht"]
[Date "2025.03.15"]
[Round "4.3"]
[White "Moskalets, Sofia"]
[Black "Smeenk, Merijn"]
[Result "1/2-1/2"]
[WhiteFideId "9002081"]
[BlackFideId "8707919"]
[WhiteElo "2150"]
[BlackElo "1993"]

1. e4 {[%clk 00:55:17]} {[%emt 00:00:02]} c5 {[%clk 00:55:09]} {[%emt
00:00:11]} 2. Nf3 {[%clk 00:55:21]} {[%emt 00:00:06]} Nc6 {[%clk 00:55:10]}
{[%emt 00:00:09]} 3. Bb5 {[%clk 00:55:25]} {[%emt 00:00:06]} g6 {[%clk
00:55:09]} {[%emt 00:00:11]} 4. Bxc6 {[%clk 00:55:28]} {[%emt 00:00:06]} dxc6
{[%clk 00:55:06]} {[%emt 00:00:14]} 5. Nc3 {[%clk 00:55:28]} {[%emt 00:00:10]}
Bg7 {[%clk 00:54:57]} {[%emt 00:00:19]} 6. d3 {[%clk 00:55:30]} {[%emt
00:00:08]} e5 {[%clk 00:51:32]} {[%emt 00:03:35]} 7. Be3 {[%clk 00:55:32]}
{[%emt 00:00:07]} Qe7 {[%clk 00:50:54]} {[%emt 00:00:48]} 8. h3 {[%clk
00:55:02]} {[%emt 00:00:40]} Be6 {[%clk 00:49:51]} {[%emt 00:01:12]} 9. b3
{[%clk 00:50:13]} {[%emt 00:05:01]} h6 {[%clk 00:41:56]} {[%emt 00:08:05]} 10.
a4 {[%clk 00:44:15]} {[%emt 00:06:08]} a5 {[%clk 00:40:04]} {[%emt 00:02:01]}
11. O-O {[%clk 00:40:23]} {[%emt 00:04:02]} f5 {[%clk 00:30:43]} {[%emt
00:09:31]} 12. exf5 {[%clk 00:34:32]} {[%emt 00:06:01]} gxf5 {[%clk 00:30:43]}
{[%emt 00:00:10]} 13. Bd2 {[%clk 00:32:00]} {[%emt 00:02:42]} O-O-O {[%clk
00:28:58]} {[%emt 00:01:55]} 14. Qe1 {[%clk 00:22:31]} {[%emt 00:09:39]} Qd6
{[%clk 00:24:59]} {[%emt 00:04:10]} 15. Rd1 {[%clk 00:20:43]} {[%emt 00:01:58]}
Ne7 {[%clk 00:24:15]} {[%emt 00:00:53]} 16. Nb1 {[%clk 00:19:24]} {[%emt
00:01:31]} Qc7 {[%clk 00:21:36]} {[%emt 00:02:48]} 17. Bxa5 {[%clk 00:18:51]}
{[%emt 00:00:43]} b6 {[%clk 00:21:36]} {[%emt 00:00:10]} 18. Bc3 {[%clk
00:18:37]} {[%emt 00:00:23]} Ng6 {[%clk 00:21:34]} {[%emt 00:00:11]} 19. Na3
{[%clk 00:12:45]} {[%emt 00:06:03]} Bd5 {[%clk 00:21:31]} {[%emt 00:00:13]} 20.
Nc4 {[%clk 00:03:38]} {[%emt 00:09:17]} Bxf3 {[%clk 00:20:47]} {[%emt
00:00:54]} 21. gxf3 {[%clk 00:03:46]} {[%emt 00:00:01]} Nh4 {[%clk 00:19:29]}
{[%emt 00:01:29]} 22. Qe3 {[%clk 00:02:26]} {[%emt 00:01:30]} e4 {[%clk
00:18:49]} {[%emt 00:00:50]} 23. dxe4 {[%clk 00:01:42]} {[%emt 00:00:55]} Bxc3
{[%clk 00:18:39]} {[%emt 00:00:20]} 24. Qxc3 {[%clk 00:01:25]} {[%emt
00:00:27]} Kb7 {[%clk 00:04:45]} {[%emt 00:14:03]} 25. Rxd8 {[%clk 00:00:37]}
{[%emt 00:00:58]} Rxd8 {[%clk 00:04:49]} {[%emt 00:00:06]} 26. Kh1 {[%clk
00:00:27]} {[%emt 00:00:20]} Qf4 {[%clk 00:03:58]} {[%emt 00:01:00]} 27. Qg7+
{[%clk 00:00:35]} {[%emt 00:00:02]} Ka6 {[%clk 00:04:08]} 28. Qg3 {[%clk
00:00:41]} {[%emt 00:00:06]} Qxf3+ {[%clk 00:03:33]} {[%emt 00:00:44]} 29. Qxf3
{[%clk 00:00:48]} {[%emt 00:00:03]} Nxf3 {[%clk 00:03:42]} 30. exf5 {[%clk
00:00:46]} {[%emt 00:00:12]} Rf8 {[%clk 00:03:38]} {[%emt 00:00:13]} 31. Ne3
{[%clk 00:00:52]} {[%emt 00:00:04]} Nd4 {[%clk 00:03:47]} {[%emt 00:00:02]} 32.
Rd1 {[%clk 00:00:35]} {[%emt 00:00:27]} b5 {[%clk 00:03:32]} {[%emt 00:00:25]}
33. axb5+ {[%clk 00:00:39]} {[%emt 00:00:07]} cxb5 {[%clk 00:03:39]} {[%emt
00:00:02]} 34. b4 {[%clk 00:00:33]} {[%emt 00:00:17]} Kb6 {[%clk 00:02:54]}
{[%emt 00:00:54]} 35. c3 {[%clk 00:00:23]} {[%emt 00:00:20]} Nxf5 {[%clk
00:02:15]} {[%emt 00:00:49]} 36. Nxf5 {[%clk 00:00:28]} {[%emt 00:00:05]} Rxf5
{[%clk 00:02:24]} {[%emt 00:00:01]} 37. Rd6+ {[%clk 00:00:37]} Kc7 {[%clk
00:02:32]} {[%emt 00:00:01]} 38. Rxh6 {[%clk 00:00:38]} {[%emt 00:00:10]} cxb4
{[%clk 00:02:34]} {[%emt 00:00:08]} 39. cxb4 {[%clk 00:00:46]} {[%emt
00:00:02]} Rxf2 {[%clk 00:02:32]} {[%emt 00:00:12]} 40. Rh4 {[%clk 00:00:47]}
{[%emt 00:00:09]} Rc2 {[%clk 00:02:00]} {[%emt 00:00:42]} 41. Kg1 {[%clk
00:00:48]} {[%emt 00:00:09]} Kd6 {[%clk 00:02:09]} {[%emt 00:00:01]} 42. Rh5
{[%clk 00:00:44]} {[%emt 00:00:14]} Kc6 {[%clk 00:01:55]} {[%emt 00:00:24]} 43.
Rh6+ {[%clk 00:00:39]} {[%emt 00:00:16]} 1/2-1/2

[Event "ABC-4 2025 Groep A"]
[Site "Utrecht"]
[Date "2025.03.15"]
[Round "4.4"]
[White "Blom, Rens"]
[Black "Lalkota, Sai Pranav Tejas"]
[Result "1-0"]
[WhiteFideId "8605586"]
[BlackFideId "8930592"]
[WhiteElo "1981"]
[BlackElo "1840"]

1. c4 {[%clk 00:55:13]} {[%emt 00:00:07]} e5 {[%clk 00:55:15]} {[%emt
00:00:06]} 2. Nc3 {[%clk 00:55:16]} {[%emt 00:00:05]} Nc6 {[%clk 00:55:17]}
{[%emt 00:00:09]} 3. Nf3 {[%clk 00:55:21]} {[%emt 00:00:05]} g6 {[%clk
00:55:20]} {[%emt 00:00:06]} 4. d4 {[%clk 00:55:00]} {[%emt 00:00:32]} exd4
{[%clk 00:55:21]} {[%emt 00:00:09]} 5. Nxd4 {[%clk 00:54:51]} {[%emt 00:00:20]}
Bg7 {[%clk 00:55:25]} {[%emt 00:00:06]} 6. Nxc6 {[%clk 00:54:13]} {[%emt
00:00:47]} bxc6 {[%emt 00:00:24]} 7. h4 {[%clk 00:51:45]} {[%emt 00:02:23]} h5
{[%clk 00:52:01]} {[%emt 00:03:35]} 8. Bg5 {[%clk 00:51:35]} {[%emt 00:00:20]}
Ne7 {[%clk 00:51:50]} {[%emt 00:00:20]} 9. e3 {[%clk 00:50:54]} {[%emt
00:00:52]} Bb7 {[%clk 00:51:08]} {[%emt 00:00:52]} 10. Be2 {[%clk 00:50:30]}
{[%emt 00:00:35]} Rb8 {[%clk 00:50:51]} {[%emt 00:00:26]} 11. Ne4 {[%clk
00:45:00]} {[%emt 00:05:41]} Bxb2 {[%clk 00:48:46]} {[%emt 00:02:15]} 12. Rb1
{[%clk 00:45:04]} {[%emt 00:00:07]} Bg7 {[%clk 00:48:02]} {[%emt 00:00:49]} 13.
Nf6+ {[%clk 00:44:58]} {[%emt 00:00:20]} Bxf6 {[%clk 00:47:50]} {[%emt
00:00:21]} 14. Bxf6 {[%clk 00:45:05]} {[%emt 00:00:04]} Rg8 {[%clk 00:47:26]}
{[%emt 00:00:33]} 15. Qa4 {[%clk 00:43:57]} {[%emt 00:01:20]} a6 {[%clk
00:46:44]} {[%emt 00:00:50]} 16. O-O {[%clk 00:42:58]} {[%emt 00:01:10]} Qc8
{[%clk 00:46:04]} {[%emt 00:00:47]} 17. Qb4 {[%clk 00:40:15]} {[%emt 00:02:58]}
d6 {[%clk 00:45:45]} {[%emt 00:00:26]} 18. Bf3 {[%clk 00:38:43]} {[%emt
00:01:44]} Qe6 {[%clk 00:44:08]} {[%emt 00:01:46]} 19. Bg5 {[%clk 00:30:04]}
{[%emt 00:08:50]} Kd7 {[%clk 00:43:26]} {[%emt 00:00:52]} 20. c5 {[%clk
00:29:04]} {[%emt 00:01:11]} d5 {[%clk 00:42:17]} {[%emt 00:01:14]} 21. Rfe1
{[%clk 00:26:49]} {[%emt 00:02:29]} f6 {[%clk 00:41:35]} {[%emt 00:00:52]} 22.
Bf4 {[%clk 00:24:18]} {[%emt 00:02:41]} g5 {[%clk 00:40:54]} {[%emt 00:00:51]}
23. Bh2 {[%clk 00:20:09]} {[%emt 00:04:19]} gxh4 {[%clk 00:40:16]} {[%emt
00:00:48]} 24. e4 {[%clk 00:19:22]} {[%emt 00:00:58]} Qh3 {[%clk 00:38:51]}
{[%emt 00:01:33]} 25. Kh1 {[%clk 00:19:02]} {[%emt 00:00:32]} Qe6 {[%emt
00:01:16]} 26. exd5 {[%clk 00:19:05]} {[%emt 00:00:04]} Nxd5 {[%clk 00:37:32]}
{[%emt 00:00:25]} 27. Bxd5 {[%clk 00:18:13]} {[%emt 00:01:03]} Qxd5 {[%emt
00:01:43]} 28. Rbd1 {[%clk 00:18:14]} Rg4 {[%clk 00:36:12]} {[%emt 00:00:05]}
29. Rxd5+ {[%clk 00:18:16]} {[%emt 00:00:08]} cxd5 {[%clk 00:36:18]} {[%emt
00:00:04]} 30. c6+ {[%clk 00:17:50]} {[%emt 00:00:37]} Kxc6 {[%clk 00:36:03]}
{[%emt 00:00:24]} 31. Re6+ {[%clk 00:17:55]} {[%emt 00:00:05]} 1-0

[Event "ABC-4 2025 Groep A"]
[Site "Utrecht"]
[Date "2025.03.15"]
[Round "4.5"]
[White "Van de Poel, Jona"]
[Black "Luong, Thao"]
[Result "1-0"]
[WhiteFideId "8707633"]
[BlackFideId "8890816"]
[WhiteElo "1977"]
[BlackElo "1838"]

1. e4 {[%clk 00:55:17]} {[%emt 00:00:02]} e5 {[%clk 00:55:18]} {[%emt
00:00:03]} 2. Nf3 {[%clk 00:55:24]} {[%emt 00:00:04]} Nc6 {[%clk 00:55:24]}
{[%emt 00:00:04]} 3. Bc4 {[%clk 00:55:28]} {[%emt 00:00:06]} Bc5 {[%clk
00:55:28]} {[%emt 00:00:05]} 4. c3 {[%clk 00:55:34]} {[%emt 00:00:04]} Nf6
{[%clk 00:55:34]} {[%emt 00:00:04]} 5. d3 {[%clk 00:55:41]} {[%emt 00:00:03]}
d6 {[%clk 00:55:38]} {[%emt 00:00:06]} 6. O-O {[%clk 00:55:46]} {[%emt
00:00:05]} h6 {[%clk 00:55:42]} {[%emt 00:00:06]} 7. b4 {[%clk 00:54:38]}
{[%emt 00:01:19]} Bb6 {[%clk 00:55:46]} {[%emt 00:00:06]} 8. Nbd2 {[%clk
00:53:04]} {[%emt 00:01:43]} g5 {[%clk 00:55:33]} {[%emt 00:00:23]} 9. Qb3
{[%clk 00:49:13]} {[%emt 00:04:02]} Qe7 {[%clk 00:54:37]} {[%emt 00:01:05]} 10.
Bb2 {[%clk 00:44:00]} {[%emt 00:05:23]} g4 {[%clk 00:52:40]} {[%emt 00:02:07]}
11. Nh4 {[%clk 00:42:37]} {[%emt 00:01:32]} Nh5 {[%clk 00:51:45]} {[%emt
00:01:05]} 12. Nf5 {[%clk 00:41:09]} {[%emt 00:01:38]} Bxf5 {[%clk 00:51:45]}
{[%emt 00:00:10]} 13. exf5 {[%clk 00:41:14]} {[%emt 00:00:05]} g3 {[%clk
00:51:40]} {[%emt 00:00:16]} 14. Ne4 {[%clk 00:34:55]} {[%emt 00:06:28]} gxh2+
{[%clk 00:48:25]} {[%emt 00:03:26]} 15. Kh1 {[%clk 00:33:32]} {[%emt 00:01:32]}
Nf6 {[%clk 00:37:44]} {[%emt 00:10:50]} 16. Rae1 {[%clk 00:29:02]} {[%emt
00:04:42]} O-O-O {[%clk 00:26:25]} {[%emt 00:11:28]} 17. Bxf7 {[%clk 00:28:16]}
{[%emt 00:00:55]} d5 {[%clk 00:25:59]} {[%emt 00:00:37]} 18. Nxf6 {[%clk
00:27:43]} {[%emt 00:00:43]} Qxf6 {[%clk 00:25:56]} {[%emt 00:00:13]} 19. Bxd5
{[%clk 00:27:23]} {[%emt 00:00:30]} Ne7 {[%clk 00:24:44]} {[%emt 00:01:21]} 20.
Be6+ {[%clk 00:27:07]} {[%emt 00:00:27]} Kb8 {[%clk 00:24:45]} {[%emt
00:00:09]} 21. c4 {[%clk 00:23:16]} {[%emt 00:04:02]} Bd4 {[%clk 00:20:31]}
{[%emt 00:04:23]} 22. Bxd4 {[%clk 00:22:18]} {[%emt 00:01:08]} Rxd4 {[%clk
00:20:17]} {[%emt 00:00:23]} 23. Re3 {[%clk 00:21:14]} {[%emt 00:01:15]} Nxf5
{[%clk 00:18:57]} {[%emt 00:01:30]} 24. Bxf5 {[%clk 00:21:15]} {[%emt
00:00:09]} Qxf5 {[%clk 00:19:00]} {[%emt 00:00:08]} 25. Rf3 {[%clk 00:21:03]}
{[%emt 00:00:22]} Qh5 {[%clk 00:16:24]} {[%emt 00:02:45]} 26. Qd1 {[%clk
00:20:19]} {[%emt 00:00:54]} Rh4 {[%clk 00:13:05]} {[%emt 00:03:27]} 27. Qe2
{[%clk 00:19:51]} {[%emt 00:00:40]} Re8 {[%clk 00:10:30]} {[%emt 00:02:44]} 28.
Re1 {[%clk 00:18:35]} {[%emt 00:01:27]} Qg6 {[%clk 00:08:01]} {[%emt 00:02:38]}
29. Qxe5 {[%clk 00:17:04]} {[%emt 00:01:42]} Rg8 {[%clk 00:07:27]} {[%emt
00:00:43]} 30. Rg3 {[%clk 00:16:11]} {[%emt 00:01:04]} Rg4 {[%clk 00:05:40]}
{[%emt 00:01:58]} 31. Rxg4 {[%clk 00:16:16]} {[%emt 00:00:05]} Qxg4 {[%clk
00:05:38]} {[%emt 00:00:12]} 32. Qe8+ {[%clk 00:16:23]} {[%emt 00:00:03]} Rxe8
{[%clk 00:05:11]} {[%emt 00:00:37]} 33. Rxe8+ {[%clk 00:16:29]} {[%emt
00:00:05]} Qc8 {[%clk 00:05:13]} {[%emt 00:00:08]} 34. Rxc8+ {[%clk 00:16:34]}
{[%emt 00:00:04]} Kxc8 {[%clk 00:05:18]} {[%emt 00:00:05]} 35. Kxh2 {[%clk
00:16:24]} {[%emt 00:00:19]} Kd7 {[%clk 00:05:22]} {[%emt 00:00:07]} 36. Kg3
{[%clk 00:16:18]} {[%emt 00:00:16]} Kc6 {[%clk 00:04:15]} {[%emt 00:01:17]} 37.
Kf4 {[%clk 00:16:14]} {[%emt 00:00:14]} b5 {[%clk 00:04:09]} {[%emt 00:00:16]}
38. Ke5 {[%clk 00:16:12]} {[%emt 00:00:11]} a6 {[%clk 00:01:44]} {[%emt
00:02:35]} 39. c5 {[%clk 00:16:03]} {[%emt 00:00:18]} Kd7 {[%clk 00:01:09]}
{[%emt 00:00:46]} 40. Kf6 {[%clk 00:16:03]} {[%emt 00:00:10]} c6 {[%clk
00:01:12]} {[%emt 00:00:07]} 41. g4 {[%clk 00:16:02]} {[%emt 00:00:10]} Kd8
{[%clk 00:00:59]} {[%emt 00:00:23]} 42. g5 {[%clk 00:15:14]} {[%emt 00:00:59]}
hxg5 {[%clk 00:01:06]} {[%emt 00:00:03]} 43. Kxg5 {[%clk 00:15:18]} {[%emt
00:00:05]} Ke7 {[%clk 00:01:15]} {[%emt 00:00:02]} 44. Kf5 {[%clk 00:15:20]}
{[%emt 00:00:08]} Kf7 {[%clk 00:01:21]} {[%emt 00:00:03]} 45. Ke5 {[%clk
00:15:22]} {[%emt 00:00:08]} Ke7 {[%clk 00:01:30]} {[%emt 00:00:02]} 46. f4
{[%clk 00:15:27]} {[%emt 00:00:05]} 1-0